Teams of the MLB, NBA, NFL, and NHL: NO championships - Sudden Death - Statistics

General Stats
  • This quiz has been taken 1,204 times
    112 since last reset
  • The average score is 7 of 37
Answers on the Grid
Answers color-coded by a green-red scale on the quiz's grid according to % correct below.
Anaheim Ducks
Arizona Cardinals
Arizona Diamondbacks
Atlanta Braves
Atlanta Falcons
Atlanta Hawks
Baltimore Orioles
Baltimore Ravens
Boston Bruins
Boston Celtics
Boston Red Sox
Brooklyn Nets
Buffalo Bills
Buffalo Sabres
Calgary Flames
Carolina Hurricanes
Carolina Panthers
Charlotte Hornets
Chicago Bears
Chicago Blackhawks
Chicago Bulls
Chicago Cubs
Chicago White Sox
Cincinnati Bengals
Cincinnati Reds
Cleveland Browns
Cleveland Cavaliers
Cleveland Guardians
Colorado Avalanche
Colorado Rockies
Columbus Blue Jackets
Dallas Cowboys
Dallas Mavericks
Dallas Stars
Denver Broncos
Denver Nuggets
Detroit Lions
Detroit Pistons
Detroit Red Wings
Detroit Tigers
Edmonton Oilers
Florida Panthers
Golden State Warriors
Green Bay Packers
Houston Astros
Houston Rockets
Houston Texans
Indiana Pacers
Indianapolis Colts
Jacksonville Jaguars
Kansas City Chiefs
Kansas City Royals
Las Vegas Raiders
Los Angeles Angels
Los Angeles Chargers
Los Angeles Clippers
Los Angeles Dodgers
Los Angeles Kings
Los Angeles Lakers
Los Angeles Rams
Memphis Grizzlies
Miami Dolphins
Miami Heat
Miami Marlins
Milwaukee Brewers
Milwaukee Bucks
Minnesota Timberwolves
Minnesota Twins
Minnesota Vikings
Minnesota Wild
Montreal Canadiens
Nashville Predators
New England Patriots
New Jersey Devils
New Orleans Pelicans
New Orleans Saints
New York Giants
New York Islanders
New York Jets
New York Knicks
New York Mets
New York Rangers
New York Yankees
Oakland Athletics
Oklahoma City Thunder
Orlando Magic
Ottawa Senators
Philadelphia 76ers
Philadelphia Eagles
Philadelphia Flyers
Philadelphia Phillies
Phoenix Suns
Pittsburgh Penguins
Pittsburgh Pirates
Pittsburgh Steelers
Portland Trail Blazers
Sacramento Kings
San Antonio Spurs
San Diego Padres
San Francisco 49ers
San Francisco Giants
San Jose Sharks
Seattle Kraken
Seattle Mariners
Seattle Seahawks
St. Louis Blues
St. Louis Cardinals
Tampa Bay Buccaneers
Tampa Bay Lightning
Tampa Bay Rays
Tennessee Titans
Texas Rangers
Toronto Blue Jays
Toronto Maple Leafs
Toronto Raptors
Utah Jazz
Utah Mammoth
Vancouver Canucks
Vegas Golden Knights
Washington Capitals
Washington Commanders
Washington Nationals
Washington Wizards
Winnipeg Jets
 
Answer Stats
Answer % Correct
Arizona Cardinals
72%
Atlanta Falcons
45%
Buffalo Bills
38%
Charlotte Hornets
34%
Cleveland Browns
34%
Brooklyn Nets
32%
Carolina Panthers
30%
Detroit Lions
28%
Cincinnati Bengals
26%
Buffalo Sabres
23%
Jacksonville Jaguars
23%
Houston Texans
21%
Colorado Rockies
19%
Indiana Pacers
19%
Los Angeles Clippers
19%
Minnesota Vikings
19%
Los Angeles Chargers
17%
Utah Mammoth
17%
Columbus Blue Jackets
15%
Milwaukee Brewers
15%
Seattle Kraken
15%
Seattle Mariners
15%
Memphis Grizzlies
13%
Minnesota Timberwolves
13%
Orlando Magic
13%
Tampa Bay Rays
13%
Tennessee Titans
13%
Minnesota Wild
11%
Nashville Predators
11%
New Orleans Pelicans
11%
Utah Jazz
11%
Phoenix Suns
9%
San Diego Padres
9%
San Jose Sharks
9%
Winnipeg Jets
9%
Vancouver Canucks
6%
Ottawa Senators
4%
No matching quizzes found
Score Distribution
Percent of People with Each Score
Percentile by Number Answered
Your Score History
You have not taken this quiz since the last reset